[Event "URU-ch U20"]
[Site "Montevideo"]
[Date "2024.05.19"]
[Round "5"]
[White "De Armas, Yahir"]
[Black "Errazola, Mauricio"]
[Result "0-1"]
[WhiteElo "1592"]
[BlackElo "1871"]
[PlyCount "29"]
[EventDate "2024.05.17"]
[EventType "swiss"]
[EventRounds "6"]
[EventCountry "URU"]
[SourceTitle "CB21_2024"]
[SourceDate "2024.05.22"]
[SourceVersion "1"]
[SourceVersionDate "2024.05.22"]
[SourceQuality "1"]

1. e4 g6 2. d4 Bg7 3. c4 d6 4. f4 c5 5. d5 e5 6. Nf3 exf4 7. Qb3 Qe7 8. Bd3 Nf6 9. Nc3 Nh5 10. Bd2 Nd7 11. 0-0-0 Ne5 12. Be2 Ng4 13. Rdf1 0-0 14. Nd1 Qxe4 15. Ng5 0-1

[Event "URU-ch U20"]
[Site "Montevideo"]
[Date "2024.05.18"]
[Round "3"]
[White "De Armas, Yahir"]
[Black "Tonelli, Julian"]
[Result "1/2-1/2"]
[WhiteElo "1592"]
[BlackElo "1748"]
[PlyCount "91"]
[EventDate "2024.05.17"]
[EventType "swiss"]
[EventRounds "6"]
[EventCountry "URU"]
[SourceTitle "CB21_2024"]
[SourceDate "2024.05.22"]
[SourceVersion "1"]
[SourceVersionDate "2024.05.22"]
[SourceQuality "1"]

1. e4 e5 2. Nf3 Nc6 3. Bb5 a6 4. Ba4 Nf6 5. d3 b5 6. Bb3 Bc5 7. 0-0 d6 8. a4 b4 9. a5 0-0 10. Nbd2 Bg4 11. Re1 Qd7 12. h3 Bxf3 13. Nxf3 Nd4 14. Nxd4 Bxd4 15. Qd2 Bc5 16. c3 bxc3 17. bxc3 Rfb8 18. Ba4 Qe6 19. Bc6 Ra7 20. d4 exd4 21. cxd4 Bb4 22. Qb2 d5 23. e5 Ne4 24. Rxe4 dxe4 25. d5 Qe7 26. Be3 Rab7 27. Bxb7 Rxb7 28. Bd2 Rb5 29. Bxb4 Qxb4 30. Qxb4 Rxb4 31. Rd1 Kf8 32. d6 cxd6 33. exd6 Ke8 34. Rd5 Kd7 35. Kf1 Rc4 36. Ke2 Rc6 37. Ke3 Rxd6 38. Kxe4 Kc6 39. Rxd6+ Kxd6 40. Kd4 Kc6 41. Kc4 Kd6 42. Kd4 f5 43. f4 h5 44. h4 g6 45. g3 Kc6 46. Kc4 1/2-1/2

[Event "Pan American-ch U16"]
[Site "Montevideo"]
[Date "2022.06.27"]
[Round "2"]
[White "De Armas, Yahir"]
[Black "Rodriguez Buela, Martin"]
[Result "0-1"]
[WhiteElo "1191"]
[BlackElo "1717"]
[PlyCount "66"]
[EventDate "2022.06.26"]
[EventType "swiss"]
[EventRounds "9"]
[EventCountry "URU"]
[SourceTitle "EXT 2023"]
[Source "ChessBase"]
[SourceDate "2022.10.05"]
[SourceVersion "1"]
[SourceVersionDate "2022.10.05"]
[SourceQuality "1"]

1. e4 c6 2. d4 d5 3. Nc3 dxe4 4. Nxe4 Nf6 5. Bd3 Nbd7 6. Nf3 Nxe4 7. Bxe4 Nf6 8. Bd3 Bg4 9. Be3 e6 10. Qe2 Qd5 11. c4 Bxf3 12. gxf3 Bb4+ 13. Kf1 Qh5 14. Kg2 g5 15. h3 Qh4 16. a3 Bd6 17. Qd2 Rg8 18. Rac1 0-0-0 19. Qa5 Kb8 20. d5 c5 21. Bxc5 Bxc5 22. Qxc5 Qf4 23. Be4 exd5 24. Bxd5 h5 25. Bxf7 g4 26. Bxg8 Qxf3+ 27. Kg1 Rxg8 28. h4 g3 29. Qe5+ Ka8 30. fxg3 Rxg3+ 31. Qxg3 Qxg3+ 32. Kf1 a6 33. Re1 Qf3+ 0-1